000 00376nam a2200133Ia 4500
008 151001s9999||||xx |||||||||||||| ||und||
100 _aके वि बेलसरे
245 _aअध्यात्म दर्शन
250 _a1
260 _bत्रिदल प्रकाशन मुंबई
260 _c1994
300 _a6
365 _b21
999 _c970865
_d970862